Normal view
MARC view
Entry Personal Name
001 - CONTROL NUMBER
- control field: 775407
003 - CONTROL NUMBER IDENTIFIER
- control field: OSt
005 - DATE AND TIME OF LATEST TRANSACTION
- control field: 20250508163454.0
008 - FIXED-LENGTH DATA ELEMENTS
- fixed length control field: 250508|| aca||aabn | a|a d
040 ## - CATALOGING SOURCE
- Original cataloging agency: OSt
- Transcribing agency: OSt
100 ## - HEADING--PERSONAL NAME
- Personal name: Massey Sujata
670 ## - SOURCE DATA FOUND
- Source citation: Work cat.: (OSt)1383520: Massey Sujata, To study the effectiveness of a programme based on inquiry training and inductive thinking models in teaching of biology, 1992
